United Nations action in the field of human rights. (Record no. 3786)

MARC details
000 -LEADER
fixed length control field 01141cam a2200349 a 4500
001 - CONTROL NUMBER
control field 3988222
003 - CONTROL NUMBER IDENTIFIER
control field OSt
005 - DATE AND TIME OF LATEST TRANSACTION
control field 20230704121614.0
008 - FIXED-LENGTH DATA ELEMENTS--GENERAL INFORMATION
fixed length control field 950714s1994 nyu b i001 0 eng d
010 ## - LIBRARY OF CONGRESS CONTROL NUMBER
LC control number 95170440
020 ## - INTERNATIONAL STANDARD BOOK NUMBER
International Standard Book Number 9211541077
035 ## - SYSTEM CONTROL NUMBER
System control number (CStRLIN)MAHL95-B945
035 ## - SYSTEM CONTROL NUMBER
System control number (HOL)BAE2988-5/LAW/1
040 ## - CATALOGING SOURCE
Original cataloging agency MH-L
Transcribing agency MH-L
Modifying agency DLC
042 ## - AUTHENTICATION CODE
Authentication code lccopycat
082 00 - DEWEY DECIMAL CLASSIFICATION NUMBER
Classification number 341.481
Item number UNA
110 2# - MAIN ENTRY--CORPORATE NAME
Corporate name or jurisdiction name as entry element United Nations.
245 10 - TITLE STATEMENT
Title United Nations action in the field of human rights.
260 ## - PUBLICATION, DISTRIBUTION, ETC. (IMPRINT)
Place of publication, distribution, etc. New York :
Name of publisher, distributor, etc. United Nations,
Date of publication, distribution, etc. 1994.
300 ## - PHYSICAL DESCRIPTION
Extent xi, 417 p. ;
Dimensions 30 cm.
500 ## - GENERAL NOTE
General note At head of title: Centre for Human Rights, Geneva.
500 ## - GENERAL NOTE
General note "ST/HR/2/Rev. 4."
500 ## - GENERAL NOTE
General note "United Nations publication sales no. E.94.XIV.11"--T.p. verso.
504 ## - BIBLIOGRAPHY, ETC. NOTE
Bibliography, etc Includes bibliographical references and index.
610 20 - SUBJECT ADDED ENTRY--CORPORATE NAME
Corporate name or jurisdiction name as entry element United Nations.
650 #0 - SUBJECT ADDED ENTRY--TOPICAL TERM
Topical term or geographic name as entry element Human rights.
650 #0 - SUBJECT ADDED ENTRY--TOPICAL TERM
Topical term or geographic name as entry element Human rights field operations.
710 2# - ADDED ENTRY--CORPORATE NAME
Corporate name or jurisdiction name as entry element United Nations Centre for Human Rights.
906 ## - LOCAL DATA ELEMENT F, LDF (RLIN)
a 7
b cbc
c copycat
d 2
e ncip
f 19
g y-gencatlg
942 ## - ADDED ENTRY ELEMENTS (KOHA)
Source of classification or shelving scheme Dewey Decimal Classification
Koha item type Books
Holdings
Withdrawn status Lost status Source of classification or shelving scheme Damaged status Not for loan Home library Current library Date acquired Total Checkouts Full call number Barcode Date last seen Price effective from Koha item type
    Dewey Decimal Classification     County Hall Archives County Hall Archives 07/04/2023   341.481 UNA 10011094 07/04/2023 07/04/2023 Books
LIBRARY OPENING HOURS

When the Parliament is sitting: 8.00a.m - 7.00p.m or until the house adjourns
Mondays and Fridays and when the House is on Recess:  8.00a.m - 5.00p.m
Closed on Weekends and Public Holidays

Online Public Access Catalog (OPAC)
Website: http://www.parliament.go.ke
Bunge Library: https://libraryir.parliament.go.ke
Contact: library@parliament.go.ke | Tel no: (254-2)2221291 or 2848000 Ext 5043